| 000 | 00000nas 2200000za 4500 |
| 001 | 9.862317 |
| 003 | CaOODSP |
| 005 | 20221107161003 |
| 007 | cr ||||||||||| |
| 008 | 180924d19631963oncqr p os f0###b0fre|d |
| 022 | # |y0825-3358 |
| 040 | |aCaOODSP|bfre |
| 041 | 0 |aeng|afre |
| 043 | |an-cn--- |
| 086 | 1 |aCS32-015-PDF |
| 245 | 00|aQuarterly bread and other bakery products |h[ressource électronique] = |bPain et autres produits de la boulangerie, rapport trimestriel. |
| 246 | 11|aPain et autres produits de la boulangerie, rapport trimestriel |
| 260 | |aOttawa : |bBureau fédéral de la statistique, Division de l'industrie, |c1963. |
| 310 | |aTrimestriel |
| 362 | 1 |aParaît depuis Vol. 1, no. 1, 1963; ne paraît plus après Vol. 1, no. 1, 1963. |
| 500 | |aÉdition numérisée de l'imprimé [par Statistique Canada]. |
| 500 | |aTitre de départ |
| 500 | |a«Preliminary = Préliminaire.» |
| 530 | |aÉgalement publ. en version imprimée. |
| 546 | |aTexte en anglais et en français. |
| 692 | 07|2gccst|aIndustrie de la fabrication |
| 692 | 07|2gccst|aAliment |
| 710 | 1 |aCanada. |bBureau fédéral de la statistique. |bDivision de l'industrie. |
| 785 | 00|tBread and other bakery products |w(CaOODSP)9.862334 |
| 791 | |tQuarterly bread and other bakery products |eeng|w(CaOODSP)9.862318 |